Sivas : (Record no. 200420265)
[ view plain ]
| 000 -LEADER | |
|---|---|
| fixed length control field | 01021 a2200325 4500 |
| 001 - CONTROL NUMBER | |
| control field | 200420265 |
| 003 - CONTROL NUMBER IDENTIFIER | |
| control field | TR-AnTOB |
| 005 - DATE AND TIME OF LATEST TRANSACTION | |
| control field | 20241007105835.0 |
| 008 - FIXED-LENGTH DATA ELEMENTS--GENERAL INFORMATION | |
| fixed length control field | 140917s tu 000 0 |
| 020 ## - INTERNATIONAL STANDARD BOOK NUMBER | |
| International Standard Book Number | 9786055564216 (5.Cilt) |
| International Standard Book Number | 9786055564179( 1.Cilt) |
| International Standard Book Number | 9786055564186 (2.Cilt) |
| International Standard Book Number | 9786055564193 (3.Cilt) |
| International Standard Book Number | 9786055564209 (4.Cilt) |
| 040 ## - CATALOGING SOURCE | |
| Original cataloging agency | TR-AnTOB |
| Language of cataloging | tur |
| Description conventions | rda |
| Transcribing agency | TR-AnTOB |
| 041 0# - LANGUAGE CODE | |
| Language code of text/sound track or separate title | Türkçe |
| 050 00 - LIBRARY OF CONGRESS CALL NUMBER | |
| Classification number | HJ4165.5.S5 |
| Item number | Z32 2013 |
| 090 ## - LOCALLY ASSIGNED LC-TYPE CALL NUMBER (OCLC); LOCAL CALL NUMBER (RLIN) | |
| Classification number (OCLC) (R) ; Classification number, CALL (RLIN) (NR) | HJ4165.5.S5 Z32 2013 |
| 100 1# - MAIN ENTRY--PERSONAL NAME | |
| Personal name | Zabun, Sezgin |
| 9 (RLIN) | 101095 |
| 245 10 - TITLE STATEMENT | |
| Title | Sivas : |
| Remainder of title | 1844-1845 temettüat defterleri / |
| Statement of responsibility, etc. | Sezgin Zabun. |
| 264 #1 - PRODUCTION, PUBLICATION, DISTRIBUTION, MANUFACTURE, AND COPYRIGHT NOTICE | |
| Place of production, publication, distribution, manufacture | Sivas : |
| Name of producer, publisher, distributor, manufacturer | Buruciye Yayınları, |
| Date of production, publication, distribution, manufacture, or copyright notice | 2013. |
| 300 ## - PHYSICAL DESCRIPTION | |
| Extent | xxii, 359.pages ; |
| Dimensions | 24 cm |
| 336 ## - CONTENT TYPE | |
| Content type term | text |
| Source | rdacontent |
| Content type code | txt |
| 337 ## - MEDIA TYPE | |
| Media type term | unmediated |
| Source | rdamedia |
| Media type code | n |
| 338 ## - CARRIER TYPE | |
| Carrier type term | volume |
| Source | rdacarrier |
| Carrier type code | nc |
| 650 00 - SUBJECT ADDED ENTRY--TOPICAL TERM | |
| Topical term or geographic name entry element | Gayrimenkul mülkiyeti |
| General subdivision | Değerleme |
| Geographic subdivision | Türkiye |
| -- | Sivas |
| 9 (RLIN) | 101096 |
| 651 ## - SUBJECT ADDED ENTRY--GEOGRAPHIC NAME | |
| Geographic name | Sivas (Türkiye) |
| General subdivision | Ekonomik durum |
| Chronological subdivision | 19. yüzyıl |
| 9 (RLIN) | 101099 |
| 942 ## - ADDED ENTRY ELEMENTS (KOHA) | |
| Koha item type | Book |
| Source of classification or shelving scheme | Library of Congress Classification |
| Withdrawn status | Lost status | Source of classification or shelving scheme | Not for loan | Collection code | Home library | Current library | Shelving location | Date acquired | Source of acquisition | Cost, normal purchase price | Serial Enumeration / chronology | Inventory number | Total Checkouts | Total Holds | Full call number | Barcode | Copy number | Cost, replacement price | Date shelved | Koha item type |
|---|---|---|---|---|---|---|---|---|---|---|---|---|---|---|---|---|---|---|---|---|
| Ödünç Verilebilir / Available | Genel Koleksiyon | Merkez Kütüphane | Merkez Kütüphane | Genel Koleksiyon / Main Collection | 17/09/2014 | Bağış / Donation | 0.01 | 5 | İKT | HJ4165.5.S5 Z32 2013 | 0045258 | 1 | 0.01 | Book | ||||||
| Ödünç Verilebilir / Available | Genel Koleksiyon | Merkez Kütüphane | Merkez Kütüphane | Genel Koleksiyon / Main Collection | 17/09/2014 | Bağış / Donation | 0.01 | 4 | İKT | HJ4165.5.S5 Z32 2013 | 0045257 | 1 | 0.01 | Book | ||||||
| Ödünç Verilebilir / Available | Genel Koleksiyon | Merkez Kütüphane | Merkez Kütüphane | Genel Koleksiyon / Main Collection | 17/09/2014 | Bağış / Donation | 0.01 | 3 | İKT | HJ4165.5.S5 Z32 2013 | 0045256 | 1 | 0.01 | Book | ||||||
| Ödünç Verilebilir / Available | Genel Koleksiyon | Merkez Kütüphane | Merkez Kütüphane | Genel Koleksiyon / Main Collection | 17/09/2014 | Bağış / Donation | 0.01 | 2 | İKT | HJ4165.5.S5 Z32 2013 | 0045255 | 1 | 0.01 | Book | ||||||
| Ödünç Verilebilir / Available | Genel Koleksiyon | Merkez Kütüphane | Merkez Kütüphane | Genel Koleksiyon / Main Collection | 17/09/2014 | Bağış / Donation | 0.01 | 1 | İKT | HJ4165.5.S5 Z32 2013 | 0045254 | 1 | 0.01 | Book |
